00331nam a2200133Ia 4500008004100000041000800041082001200049100001500061245003800076250001400114260003300128300003100161365000500192240624s9999 xx 000 0 und d aeng a515 FLE aFLETCHER R aPRACTICAL METHODS OF OPTIMIZATION a(2nd ed.) c2003aChichesterbJohn Wiley axiv, : 436 : P. : cm. ; 26 c